=LDR 00000nam 2200000 4500 =001 INLIS000000000032815 =005 20130612134814 =008 ***********************************ind** =035 ##$$a0010-061300000032815 =041 ##$$a ind =082 ##$$a 781.85 =090 ##$$a 781.85, Mul p =100 ##$$a Mulyanto, Eko S =245 ##$$a Panduan Dasar Bermain Jazz, Penyusun, Eko S Mulyanto;Penyunting, Ade Saeful M =260 ##$$a 2008 $b Jakarta =300 ##$$a viii,94 hlm, 26 cm =650 ##$$a Musik-Jazz =700 ##$$a Saeful M, Ade =850 ##$$a NBPNMAT =990 ##$$a 0001/BPAP-NTB/20142014 =990 ##$$a 40144014 =990 ##$$a 0001/BPAP-NTB/20142014 =990 ##$$a 01201804014